Autoantibodies to asialoglycoprotein receptor in chronic hepatitis C patients

Bibliographic Details
Main Authors: Husa, P. (Author), Chalupa, P. (Author), Štroblová, H. (Author), Husová, L. (Author), Šlesinger, P. (Author), Zajíc, J. (Author)
Format: Article
Language:Slovak
English
PhysicalDescription:Tab.
ISSN:001-723X
Subjects:

MARC

LEADER 00000nab a2200000 a 4500
001 vtls000773691
003 SK-MaSNL
005 20260304123113.0
008 250429c2001 xo 0 slo
015 |a SNBRB2001/12-35852 
035 |a CLN000125478 
035 |a urn:nbn:sk:snk-ab2e0d 
035 |a (urnnbn)urn:nbn:sk:snk:ar-a028ck 
035 |a (uuid)f3591902-a52d-4a89-a231-19d2b258fbd5 
040 |a SNKBUCL  |b slo  |c SNKBUCL  |e AACR2 
041 0 |a eng 
044 |a xo  |c SK 
080 |a 616.36-002-097-085:57.083  |2 1997 
245 0 0 |a Autoantibodies to asialoglycoprotein receptor in chronic hepatitis C patients  |c P. Husa ... [et al.] 
300 |b Tab. 
504 |a Res. angl. 
504 |a Bibliogr. odkazy 
650 0 7 |a hepatitída C vírusová  |2 snkbucl  |9 857194 
650 0 7 |a interferóny  |2 snkbucl  |9 20693 
650 0 7 |a ELISA (test)  |2 snkbucl  |9 1239135 
650 0 7 |a asialoglykoproteíny  |x využitie diagnostické  |2 snkbucl  |9 1431211 
650 0 7 |a hepatitída C  |x diagnóza  |x imunológia  |2 snkbucl  |9 1431212 
650 0 7 |a ELISA  |x metódy  |2 snkbucl  |9 1428632 
650 0 7 |a receptory vírusové  |x analýza  |x imunológia  |2 snkbucl  |9 1431213 
650 0 7 |a asialoglykoproteíny  |x analýza  |x diagnostické použitie  |x imunológia  |2 snkbucl  |9 1431214 
655 7 |a články z novín a časopisov  |2 snkbucl  |9 267496 
700 1 |a Husa, P.  |4 aut  |9 1000531 
700 1 |a Chalupa, P.  |4 aut  |9 787518 
700 1 |a Štroblová, H.  |4 aut  |9 1394616 
700 1 |a Husová, L.  |4 aut  |9 1133530 
700 1 |a Šlesinger, P.  |4 aut  |9 1133789 
700 1 |a Zajíc, J.  |4 aut  |9 801247 
773 0 |t Acta virologica  |g Roč. 45, č. 1 (2001), s. 7-11  |x 001-723X 
850 |a Slovenská národná knižnica 
852 |a Slovenská národná knižnica 
958 |a article27 
958 |a NB 
958 |a MI 
958 |a OND 
958 |a EUIPO 
992 |a RBX 
999 |c 2889113  |d 2891043